KOHA-Header-6

The Penguin Dictionary of Proverbs (Record no. 7222)

000 -LEADER
fixed length control field 00276nam a2200109Ia 4500
100 ## - MAIN ENTRY--AUTHOR NAME
Personal name Fergusson, Rosalind
245 #4 - TITLE STATEMENT
Title The Penguin Dictionary of Proverbs
260 ## - PUBLICATION, DISTRIBUTION, ETC. (IMPRINT)
Place of publication London
Name of publisher Penguin books
Year of publication 1983
300 ## - PHYSICAL DESCRIPTION
Number of Pages 331
942 ## - ADDED ENTRY ELEMENTS (KOHA)
Koha item type Books
Holdings
Withdrawn status Lost status Collection code Permanent Location Current Location Shelving location Date acquired Full call number Accession Number Koha item type
    Dictionaries MAJU MAJU Shelf No.B28 2019-09-12 346.549 976 DICTIONARY

Powered by Koha